| Поле | Инд. | ПП | Название | Значение |
|---|---|---|---|---|
| Тип записи | a | |||
| Библиографический уровень | m | |||
| 001 | Контрольный номер | dc6ef3bb-e64a-4569-96e3-e4fa2dbcb981 | ||
| 005 | Дата корректировки | 20250129123506.7 | ||
| 008 | Кодируемые данные | 991023 d | ||
| 020 | a | ISBN | 5-02-028190-5 | |
| 040 | a | Служба первич. каталог. | НБ ТвГУ | |
| 041 | 0_ | a | Код языка текста | rus |
| 080 | a | Индекс УДК | 882.09 | |
| a | Индекс УДК | 929Достоевский | ||
| 084 | a | Индекс другой классификации/Индекс ББК | Ш5(2=411.2)52-4Достоевский Ф.М.1 | |
| 090 | a | Полочн. индекс | Ш5(2=411.2) | |
| x | Авторский знак | Д70 | ||
| 245 | 00 | a | Заглавие | Достоевский |
| b | Продолж. заглавия | Материалы и исслед | ||
| c | Ответственность | РАН. ин-т рус. лит. (Пушкин.Дом); Florida state univ. (Tallhasse, Florida USA); [Гл. ред. Г. М. Фридлендер] | ||
| n | Номер части/ раздела | [Т.] 11 | ||
| p | Название части/ раздела | К восьмидесятилетию академика Г.М. Фридлендера | ||
| 260 | 0_ | a | Место издания | СПб. |
| b | Издательство | Наука | ||
| c | Дата издания | 1994 | ||
| 300 | a | Объем | 295,[3] с. | |
| 504 | a | Библиография | Имен. указ.: с.291-296 | |
| 650 | 04 | a | Основная рубрика | Достоевский, Федор Михайлович, о нем |
| 650 | 04 | a | Основная рубрика | Русская литература |
| x | Основная подрубрика | История | ||
| y | Хронологическая подрубрика | 19 в. | ||
| 653 | 0_ | a | Ключевые слова | Достоевский |
| a | Ключевые слова | Русская литература | ||
| a | Ключевые слова | Сборники | ||
| 700 | 1_ | a | Другие авторы | Фридлендер Георгий Михайлович |
| e | Роль лиц | ред. | ||
| 852 | 41 | t | Порядковый номер экземпляра | 2 |
| p | Инвентарный номер | 653353 | ||
| p | Инвентарный номер | 666686 | ||
| 920 | a | Оператор | Поля | |
| 930 | a | Новая/Ретро | Сборники | |
| a | Новая/Ретро | Научная | ||
| 952 | c | Вид литературы | К рн | |
| 954 | a | Дата поступления на обработку | 20.12.94 | |
| 999 | a | Подразделение 2 | ч.з. |